| 000 | 00547nam a2200181Ia 4500 | ||
|---|---|---|---|
| 008 | 100917s9999 xx 000 0 und d | ||
| 082 | _b64438 | ||
| 100 | _aगोखले म. वि. | ||
| 245 | _aसत्य प्रतिज्ञा | ||
| 260 |
_bनिर्मल प्रकाशन _c1984 |
||
| 300 | _a248 | ||
| 365 | _b50 | ||
| 520 | _aकादंबरी | ||
| 630 | _aसत्य प्रतिज्ञा | ||
| 650 | _aकादंबरी | ||
| 730 | _aसत्य प्रतिज्ञा | ||
| 942 | _cBOOK | ||
| 999 |
_c669832 _d669829 |
||